书目信息 |
| 题名: |
化工分析
|
|
| 作者: | 姜洪文 , 王英健 主编 | |
| 分册: | ||
| 出版信息: | 北京 化学工业出版社 2008.1 |
|
| 页数: | 296页 | |
| 开本: | 26cm | |
| 丛书名: | ||
| 单 册: | ||
| 中图分类: | TQ014 | |
| 科图分类: | ||
| 主题词: | 化学工业--分析方法--高等教育--教材 , 化学工业 , 分析方法 | |
| 电子资源: | ||
| ISBN: | 978-7-122-01938-7 | |
| 000 | 00959nam0 2200277 45 | |
| 001 | 1360090671 | |
| 005 | 20130530154956.96 | |
| 010 | @a978-7-122-01938-7@dCNY29.80 | |
| 100 | @a20130513d2008 em y0chiy0110 ea | |
| 101 | 0 | @achi |
| 102 | @aCN@b110000 | |
| 105 | @ay z 000yy | |
| 106 | @ar | |
| 200 | 1 | @a化工分析@AHua Gong Fen Xi@f姜洪文,王英健主编@FJiang Hong Wen, Wang Ying Jian Zhu Bian |
| 210 | @a北京@c化学工业出版社@d2008.1 | |
| 215 | @a296页@d26cm | |
| 300 | @a高职高专“十一五”规划教材 | |
| 330 | @a本书主要内容涵盖常用的各类滴定分析法、电化学分析、紫外-可见分光光度分析、气相色谱分析法、高效液相色谱分析法和化工产品质量保证与标准化等。 | |
| 606 | 0 | @a化学工业@x分析方法@x高等教育@j教材 |
| 606 | 0 | @a化学工业 |
| 606 | 0 | @a分析方法 |
| 690 | @aTQ014@v5 | |
| 701 | 0 | @a姜洪文@AJiang Hong Wen@f(1955~)@4主编 |
| 701 | 0 | @a王英健@AWang Ying Jian@f(1965~)@4主编 |
| 801 | @aCN@bTANGWEI@c20130522 | |
| 905 | @b0834028-31@dTQ014@e211@f4 | |
| 化工分析/姜洪文,王英健主编.-北京:化学工业出版社,2008.1 |
| 296页;26cm |
| 高职高专“十一五”规划教材 |
| ISBN 978-7-122-01938-7:CNY29.80 |
| 本书主要内容涵盖常用的各类滴定分析法、电化学分析、紫外-可见分光光度分析、气相色谱分析法、高效液相色谱分析法和化工产品质量保证与标准化等。 |
| ● |
| 相关链接 |
|
|
|
|
正题名:化工分析
索取号:TQ014/211
 
预约/预借
| 序号 | 登录号 | 条形码 | 馆藏地/架位号 | 状态 | 备注 |
| 1 | 0834028 | 208340286 | 第二样本阅览室/ [索取号:TQ014/211] | 在馆 | |
| 2 | 0834029 | 208340295 | 密集书库-化学系/ [索取号:TQ014/211] | 在馆 | |
| 3 | 0834030 | 208340302 | 第三借阅区/ [索取号:TQ014/211] | 在馆 | |
| 4 | 0834031 | 208340311 | 第三借阅区/ [索取号:TQ014/211] | 在馆 |